Statistics for X-Men Movies!

Click here to take the quiz!

General Stats

  • This quiz has been taken 39 times
    (18 since last reset)
  • The average score is 14 of 14

Answer Stats

YearMovie% Correct
2019Dark Phoenix
100%
2016Deadpool
100%
2018Deadpool 2
100%
2024Deadpool & Wolverine
100%
2013The Wolverine
100%
2000X-Men
100%
2016X-Men: Apocalypse
100%
2014X-Men: Days of Future Past
100%
2011X-Men: First Class
100%
2006X-Men: The Last Stand
100%
2017Logan
94%
2003X2
94%
2020The New Mutants
88%
2009X-Men Origins: Wolverine
88%

Score Distribution

Percentile by Number Answered

Percent of People with Each Score

Your Score History

You have not taken this quiz since the last reset